Normal view MARC view
  • Morán Leyva, María Teresa Paola,

Entry Nombre Personal

Number of records used in: 5

001 - NUMERO DE CONTROL

  • campo de control: 33734

003 - IDENTIFICADOR DE NUMERO DE CONTROL

  • campo de control: UPN

005 - FECHA Y HORA DE LA ÜLTIMA TRANSACCIÓN

  • campo de control: 20210219194445.0

008 - DATOS DE LONGITUD FIJA

  • campo de control de longitud fija: nabaccnnaabn|||||||||| b |nc|||||d

035 ## - NUMERO DE CONTROL

  • Número de control: UPN11000005841

040 ## - FUENTE DE CATALOGACIÓN

  • Lenguaje de catalogación: SPA
  • Agencia de transcripción: UPN

053 #4 - NÚMERO DE CLASIFICACIÓN LC

  • Número de clasificación elemento-número único o número inicial de tramo: PQ7298.23 O7.26

100 1# - ENCABEZAMIENTO - NOMBRE PERSONAL

  • Nombre personal: Morán Leyva, María Teresa Paola,
  • Fechas asociadas con el nombre: 1977-

400 1# - VEÁSE - NOMBRE DE PERSONA

  • Personal name: Morán, Paola,
  • Dates associated with a name: 1977-

670 ## - FUENTE EN LA QUE SE LOCALIZARON DATOS

  • Cita de la fuente: LC/P

680 ## - NOTA PUBLICA DE ACCESO PÚBLICO

  • Encabezamiento o subdivisión: Mexicana egresada de la carrera de Relaciones Internacionales

902 ## - CATALOGADOR

  • Catalogador: CAA/180613